000 01113nam a2200301 a 4500
001 000026532
003 DO-SdBNP
005 20240319114520.0
008 100407s2003 dr ac 000 0 spa d
020 _a9993489883
040 _aDO-SdBNP
_bspa
_cBNPHU
082 4 _a972.9364
_bM332t
_222
245 0 0 _aMaría Trinidad Sánchez /
_ccoordinador, Darío Tejeda.
260 _aSanto Domingo :
_bBanreservas,
_c2003.
300 _a72 p. :
_bil., map., retrs. ;
_c26 cm.
490 0 _aFragmentos de patria
504 _aBibliografía : p. 72
650 4 _aCiudades y pueblos
_zRepública Dominicana
_9784
651 4 _aMaría Trinidad Sánchez
_xDescripción y viajes
_953624
651 4 _aMaría Trinidad Sánchez
_xHistoria local
_953625
651 4 _aMaría Trinidad Sánchez
_xVida social y costumbres
_953626
651 4 _aMaría Trinidad Sánchez
_xCondiciones económicas
_953627
651 4 _aMaría Trinidad Sánchez
_xCondiciones sociales
_953628
700 1 2 _aTejeda, Darío
_ecoord.
_92540
830 0 _aFragmentos de patria
_944949
910 _aValidado. Control de calidad MFF
942 _2ddc
_cLBS1
999 _c26024
_d26024